000 00527nam a2200157 i 4500
001 184901
003 ES-MaACL
005 20230906222313.0
008 160218s1870 fr |||| | fre d
100 1 _aRoux, Amédée.
_9158786
245 1 0 _aHistoire de la littérature italienne contemporaine, 1800-1859 /
_cpar Amédée Roux.
260 _aParis :
_bDurand et Pedone-Lauriet,
_c1870.
300 _aV, 517 p. ;
_c18 cm.
650 4 _aLiteratura italiana-
_yS.XIX-
_xHistoria y crítica.
_9158787
852 _aES-MaACL
_jG-15322
999 _c184901
_d184901